zpět

Detail výsledku týmu

Pizza-Doma ST, Plzeň

Datum a čas kvízu

38 Celkem bodů Celkový počet nahraných bodů na tomto kvízu bez doplňovacích otázek.
2. Pořadí na kvízu Konečné umístění týmu na tomto kvízu.

Zaznamenané odpovědi

# Otázka Odpověď Body Výsledky
1. V úterý byli do pražské zoo př... (lední) medvědi 1
2. Buckinghamský palác odhalil v... D) motýl 1
3. Minulý týden začal režisér Tom... Tři princezny 1
4. Bývalá manželka Billa Gatese M... Gatesova nadace 1
5. Dvacetiletý atlet Tomáš Habart... D) na 3 000 m překážek 0
6. Jména Mnata, Vojen či Vnislav... A 1
7. Podle pověsti prý zvony z kost... ve čtvrtek (na Zelený čtvrtek) 1
8. Přiřaďte k sobě dvojice hrdinů... 1B 2C 3A 4D 1
9. Václav Podbrdský byl kameník,... A 1
10. Pokud dokážete určit, co tento... Stadice 1